000 00347nam a22001577a 4500
003 MPLRDC
005 20220104123342.0
008 210129b ||||| |||| 00| 0 eng d
082 _a961 GS
100 _a甘士编
245 _a花边图案汇编
_c
260 _a
_b香港万里书店
_c
300 _b
650 _a
942 _cBK
_o961 GS
999 _c10712
_d10702